Stages not in Super Smash Bros. Ultimate - Statistics

General Stats
  • This quiz has been taken 138 times
    135 since last reset
  • The average score is 12 of 17
Answer Stats
Game Series Stage % Correct
Melee Pokémon Poké Floats
94%
Melee Game and Watch Flat Zone
90%
Brawl Game and Watch Flat Zone 2
89%
3DS Pac-Man Pac-Maze
83%
Brawl DS Pictochat
80%
Melee Ice Climber Icicle Mountain
74%
3DS Super Mario Rainbow Road
74%
64 Metroid Planet Zebes
73%
64 StarFox Sector Z
73%
Melee F-Zero Mute City
72%
WiiU Yoshi Woolly World
72%
Melee Super Mario Mushroom Kingdom
67%
WiiU Donkey Kong Country Jungle Hijinx
61%
Brawl Donkey Kong Country Rumble Falls
59%
WiiU ———— Miiverse
57%
WiiU Metroid Pyrosphere
56%
WiiU StarFox Orbital Gate Assault
54%
No matching quizzes found
Score Distribution
Percent of People with Each Score
Percentile by Number Answered
Your Score History
You have not taken this quiz since the last reset